| 000 | 00411 a2200109 4500 | ||
|---|---|---|---|
| 100 | 1 |
_aKravcenko, V.I.. _eAutor |
|
| 700 | 1 |
_aBolotov, E.A.. _eAutor |
|
| 700 | 1 |
_aLetunova, N.I.. _eAutor |
|
| 245 | 0 |
_aRadioelektronnye sredstva i moscnye elektromagnitnye pomechi / _cKravcenko V.I., Bolotov E.A., Letunova N.I.. |
|
| 710 | 2 |
_aRadio i Svjaz'. _eWydawca _4pbl |
|
| 260 |
_aMoskva : _bRadio i Svjaz', _c1987. |
||
| 300 |
_a256 s.: _bil.; _c22 cm. |
||
| 999 |
_c8880 _d8880 |
||